Calendrier de l'Avent par personnages d'anime - Click quiz - Statistiques

Statistiques générales
  • Ce quiz a été pris 628 fois
  • Le résultat moyen est 12 sur 24
Statistiques - réponses
Hint Réponse % Correct
24 décembre : Madara Uchiha (Naruto)
80%
20 décembre : Ken Kaneki (Tokyo Ghoul)
74%
1er décembre : Mitsuha Miyamizu (Your Name)
73%
7 décembre : Satoru Gojo (Jujutsu Kaisen)
73%
22 décembre : Kageyama Tobio (Haikyū!!)
68%
13 décembre : Mihael Keehl/Mello (Death Note)
68%
5 décembre : Lelouch Lamperouge (Code Geass)
61%
19 décembre : Chifuyu Matsuno (Tokyo Revengers)
59%
6 décembre : Guila (The Seven Deadly Sins)
57%
23 décembre : Hyoma Chigiri (Blue Lock)
57%
2 décembre : Kinoko Komori (My Hero Academia)
53%
21 décembre : Sena Kobayakawa (Eyeshield 21)
52%
9 décembre : Soyouz (Dr. Stone)
49%
15 décembre : Lloyd Cavill (Mashle)
47%
18 décembre : Soichiro Hague (Fire Force)
45%
14 décembre : Ciel Phantomhive (Black Butler)
43%
3 décembre : Jet Black (Cowboy Bebop)
41%
10 décembre : Isshin Kurosaki (Bleach)
40%
12 décembre : Ichinose Takumi (Nana)
35%
16 décembre : Sagiri Yamada Asaemon (Hell's Paradise)
31%
17 décembre : Heisuke Mashimo (Sakamoto Days)
31%
4 décembre : Ralph Niaflem (Black Clover)
31%
8 décembre : Anna Kushina (K Project)
26%
11 décembre : Masahide Tokuda (Kaiju no 8)
21%
Aucun quiz correspondant
Distribution des résultats
% des personnes avec chaque résultat
Percentile par nombre de réponses
Votre historique - résultats
Vous n’avez pas pris ce quiz